Let Us Python: (Record no. 370387)

MARC details
000 -LEADER
fixed length control field 00558nam a22001937a 4500
005 - DATE AND TIME OF LATEST TRANSACTION
control field 20260209142609.0
008 - FIXED-LENGTH DATA ELEMENTS--GENERAL INFORMATION
fixed length control field 260209b |||||||| |||| 00| 0 eng d
020 ## - INTERNATIONAL STANDARD BOOK NUMBER
International Standard Book Number 9789365891034
041 ## - LANGUAGE CODE
Language code of text/sound track or separate title eng
082 ## - DEWEY DECIMAL CLASSIFICATION NUMBER
Edition number New Delhi
Classification number BPB Pub.
Item number KAN B22757
100 ## - MAIN ENTRY--PERSONAL NAME
Author Kanetkar Y.
245 ## - TITLE STATEMENT
Title Let Us Python:
Remainder of title Python Is Future, Embrace It Fast Learn Python Quickly Through This Programmer-Friendly Guide
Statement of responsibility, etc. 7th Ed.
250 ## - EDITION STATEMENT
Edition statement 7th Ed.
260 ## - PUBLICATION, DISTRIBUTION, ETC.
Place of publication, distribution, etc. New Delhi
Name of publisher, distributor, etc. BPB Pub.
Date of publication, distribution, etc. 2025
300 ## - PHYSICAL DESCRIPTION
Extent 548p
500 ## - GENERAL NOTE
Keywords Python
700 ## - ADDED ENTRY--PERSONAL NAME
Personal name Kanetkar A.
942 ## - ADDED ENTRY ELEMENTS (KOHA)
Koha item type Books
Holdings
Withdrawn status Lost status Source of classification or shelving scheme Damaged status Not for loan Home library Current library Date acquired Vendor Net Price Bill number Total Checkouts Full call number Barcode Date last seen Actual Price Bill Date Koha item type Original Barcode
    Dewey Decimal Classification     Smt. Hiraben Nanavati Institute of Management & Research for Women Smt. Hiraben Nanavati Institute of Management & Research for Women 28/01/2026 The Forward Books 450.00 25293   004.1 KAN B22757 HIMR-BK-22757 09/02/2026 328.50 23/01/2026 Books B22757
    Dewey Decimal Classification     Smt. Hiraben Nanavati Institute of Management & Research for Women Smt. Hiraben Nanavati Institute of Management & Research for Women 28/01/2026 The Forward Books 450.00 25293   004.1 KAN B22758 HIMR-BK-22758 09/02/2026 328.50 23/01/2026 Books B22758
    Dewey Decimal Classification     Smt. Hiraben Nanavati Institute of Management & Research for Women Smt. Hiraben Nanavati Institute of Management & Research for Women 28/01/2026 The Forward Books 450.00 25293   004.1 KAN B22759 HIMR-BK-22759 09/02/2026 328.50 23/01/2026 Books B22759
    Dewey Decimal Classification     Smt. Hiraben Nanavati Institute of Management & Research for Women Smt. Hiraben Nanavati Institute of Management & Research for Women 28/01/2026 The Forward Books 450.00 25293   004.1 KAN B22760 HIMR-BK-22760 09/02/2026 328.50 23/01/2026 Books B22760
    Dewey Decimal Classification     Smt. Hiraben Nanavati Institute of Management & Research for Women Smt. Hiraben Nanavati Institute of Management & Research for Women 28/01/2026 The Forward Books 450.00 25293   004.1 KAN B22761 HIMR-BK-22761 09/02/2026 328.50 23/01/2026 Books B22761